|
|
|
|
| LEADER |
00000cam a2200000 7i4500 |
| 001 |
0000001443 |
| 005 |
20010627.0 |
| 090 |
0 |
0 |
|a 674.1420959
|b TAK 1982
|
| 100 |
1 |
0 |
|a TAKEUCHI
|h Kenji
|
| 245 |
1 |
0 |
|a Mechanical processing of tropical hardwood in developing countries :
|b Issues and prospects of plywood industry development in the Asia-Pacific region
|c Kenji Takeuchi
|
| 260 |
0 |
0 |
|a (Washington) :
|b The World Bank ,
|c 1982
|
| 300 |
|
|
|a xiii, 138 p. ;
|c 27 cm.
|
| 500 |
0 |
0 |
|a Bibliography : [p. 130-138]
|
| 650 |
0 |
0 |
|a Hardwoods
|x Tropics
|z Asia
|
| 650 |
0 |
0 |
|a Timber
|x Tropics
|z Asia
|
| 650 |
0 |
0 |
|a Wood
|x Tropics
|z Asia
|
| 998 |
|
|
|a JPSM
|
| 999 |
|
|
|a 0000002473
|b Monograph
|c Open Shelf
|e Default branch
|